000 01018nam a2200301 a 4500
001 3555999
003 NUST - PNEC
005 20170116181023.0
008 971205s1997 enka 001 0 eng
010 _a 97222286
020 _a0750635487
040 _cLIBRARY
082 0 0 _a621.38224 MOL
100 2 _aMolyneux-Child, J. W.
_q(John W.)
245 1 0 _aEMC shielding materials /
_cJ.W. Molyneux-Child.
246 0 _iSubtitle on cover:
_aA designer's guide
250 _a2nd ed.
260 _aOxford ;
_aBoston :
_bNewnes,
_cc1997.
300 _axiv, 175 p. :
_bill. ;
_c24
500 _aRev. ed. of: RFI/EMI shielding materials. 1992.
500 _aIncludes index.
650 0 _aShielding (Electricity)
_xEL
650 0 _aElectromagnetic compatibility.
700 2 _aMolyneux-Child, J. W.
_q(John W.).
_tRFI/EMI shielding materials.
906 _a7
_bcbc
_corignew
_d2
_encip
_f19
_gy-gencatlg
942 _2ddc
_cBK
999 _c67474
_d67474